| 000 | 01035naa a22002537u 4500 | ||
|---|---|---|---|
| 001 | 07098 | ||
| 003 | HDC | ||
| 007 | cr bn ---aaaaa | ||
| 008 | 210126s1994 ilu a eng | ||
| 040 | _aHDC | ||
| 245 | 0 |
_aProceedings of the World Conference on Lauric Oils: Sources, Processing, and Applications : _bThe Production of Fatty Alcohols and Their Amino Derivatives from Coco Fatty Acid Methyl Esters / _cby Morio Matsuda, Masamitsu Horio, Kiyoshi Tsukada, Koushiroh Sotoya, Hiroshi Abe, and Rikio Tsushima |
|
| 260 |
_aChampaign, Illinois : _bAOCS Press, _c1994 |
||
| 300 | _a8 pages | ||
| 336 |
_atext _2rdacontent |
||
| 337 |
_acomputer _2rdamedia |
||
| 338 |
_aonline resource _2rdacarrier |
||
| 500 | _aOriginal from book | ||
| 650 |
_aCoconut oil _97584 |
||
| 650 |
_aPalm oil _9212 |
||
| 856 | _zRequest full-text at [email protected] | ||
| 942 | _2lcc | ||
| 942 | _cCHAP | ||
| 942 | _kEBCH 000483 | ||
| 999 |
_c4422 _d4422 |
||